000 00361nam a2200133Ia 4500
001 4243
008 241024s9999 xx 000 0 und d
082 _aRD/352.97293/C733m
100 _aComisión presidencial de apoyo al desarrollo provincial
245 0 _aMemoria 2012-2016
260 _bSanto Domingo
_c2016
901 _a23/8/2016 3:32:21 p.m.
999 _c9459
_d9459